| 000 | 00840cam a2200217 4500 | ||
|---|---|---|---|
| 008 | 020927n2003 000 0 eng u | ||
| 020 | _a1405100222 | ||
| 035 | _a(Sirsi) u119889 | ||
| 041 | _aeng. | ||
| 050 |
_a692.2 _c18 |
||
| 100 | _aChynoweth, Paul | ||
| 245 | 4 | _aThe party wall casebook | |
| 260 |
_aOxford _bBlackwell _c2003 |
||
| 300 |
_aix, 486p. _c26cm. |
||
| 350 | _a39.50 | ||
| 520 | _aOffers a thorough analysis of over 80 leading cases that define the courts' approach to the Party Wall etc Act 1996 and the related common law rules. For ease of reference provides readers with an alphabetical digest of cases along with an extensive subject index. Also includes extracts from relevant statues. | ||
| 650 | _aPARTY WALL ETC ACT 1996 | ||
| 650 | _aCASE LAW REVIEW | ||
| 690 |
_aBoundary disputes _96221 |
||
| 942 | _n0 | ||
| 999 |
_c102431 _d102431 |
||